000 00624nam a2200157 i 4500
001 167134
003 ES-MaACL
005 20230906213451.0
008 050928s1852 xxu |||| | eng d
100 1 _aVelázquez de la Cadena, Mariano.
_9133610
245 1 3 _aAn easy introduction to spanish conversation
_b: containing all that is necessary to make a rapid progress in it ... /
_cby M. Velazquez de la Cadena.
260 _aNew-York :
_bD. Appleton & company,
_c1852.
300 _a101 p. ;
_c15 cm.
650 4 _aLengua española-
_vMétodos.
_9142902
852 _aES-MaACL
_jZ-239
_xOlim: G-2953
_d
_z- Enc. hol.
999 _c167134
_d167134